সত্যজিৎ রচনাবলী / (Record no. 10959)
[ view plain ]
| 000 -LEADER | |
|---|---|
| fixed length control field | 00754nam a2200229 a 4500 |
| 001 - CONTROL NUMBER | |
| JCCL Control Number | 10959 |
| 003 - CONTROL NUMBER IDENTIFIER | |
| JCCL marc code | BD-JhCC |
| 005 - DATE AND TIME OF LATEST TRANSACTION | |
| control field | 20211025134021.0 |
| 008 - FIXED-LENGTH DATA ELEMENTS--GENERAL INFORMATION | |
| fixed length control field | 190708s2010 bg |||| |||| 000 0 ben d |
| 020 ## - INTERNATIONAL STANDARD BOOK NUMBER | |
| International Standard Book Number | 9789848844168 |
| 035 ## - SYSTEM CONTROL NUMBER | |
| system control number | (BD-JhCC)10959 |
| 040 ## - CATALOGING SOURCE | |
| Original cataloging agency | BD-JhCC |
| Modifying agency | BD-JhCC |
| 041 ## - LANGUAGE CODE | |
| Language code of Book | ben |
| 082 ## - DEWEY DECIMAL CLASSIFICATION NUMBER | |
| Classification number | 891.443 |
| Author mark and Year | ROY 2010 |
| 100 ## - MAIN ENTRY--PERSONAL NAME | |
| Personal name | রায়, সত্যজিৎ |
| 245 ## - TITLE STATEMENT | |
| Title | সত্যজিৎ রচনাবলী / |
| Statement of responsibility, etc | সত্যজিৎ রায় ও সম্পা. ধ্রুব এষ |
| 260 ## - PUBLICATION, DISTRIBUTION, ETC. (IMPRINT) | |
| Place of publication, distribution, etc | ঢাকা : |
| Name of publisher, distributor, etc | নালন্দা, |
| Date of publication, distribution, etc | ২০১০. |
| 300 ## - PHYSICAL DESCRIPTION | |
| Pagination | খন্ড : ১-৯ |
| Dimensions | ২০ সেমি. |
| 650 ## - SUBJECT ADDED ENTRY--TOPICAL TERM | |
| Topical term or geographic name as entry element | Collection of novel |
| 700 ## - ADDED ENTRY--PERSONAL NAME | |
| Personal name | এষ, ধ্রুব |
| 942 ## - ADDED ENTRY ELEMENTS (KOHA) | |
| Source of classification or shelving scheme | Dewey Decimal Classification |
| Koha item type | Books |
| Koha issues (borrowed), all copies | 3 |
| Source of classification or shelving scheme | volume number | Damaged status | Not for loan | Home library | Current library | Shelving location | Date of accession | Cost, normal purchase price | Total Checkouts | Full call number | Barcode | Date last seen | Date checked out | Copy number | Koha item type |
|---|---|---|---|---|---|---|---|---|---|---|---|---|---|---|---|
| Dewey Decimal Classification | V-1 | JCC Rouf Library | JCC Rouf Library | General Stacks | 05/01/2019 | 690.00 | 2 | 891.443 ROY 2010 | 14942 | 05/06/2024 | 01/11/2023 | C-1 | Books | ||
| Dewey Decimal Classification | V-2 | JCC Rouf Library | JCC Rouf Library | General Stacks | 05/01/2019 | 690.00 | 1 | 891.443 ROY 2010 | 14943 | 10/04/2021 | 09/23/2021 | C-1 | Books | ||
| Dewey Decimal Classification | V-3 | JCC Rouf Library | JCC Rouf Library | General Stacks | 05/01/2019 | 690.00 | 891.443 ROY 2010 | 14944 | 07/08/2019 | C-1 | Books | ||||
| Dewey Decimal Classification | V-4 | JCC Rouf Library | JCC Rouf Library | General Stacks | 05/01/2019 | 610.00 | 1 | 891.443 ROY 2010 | 14945 | 11/23/2021 | 10/24/2021 | C-1 | Books | ||
| Dewey Decimal Classification | V-5 | JCC Rouf Library | JCC Rouf Library | General Stacks | 05/01/2019 | 610.00 | 891.443 ROY 2010 | 14946 | 07/08/2019 | C-1 | Books | ||||
| Dewey Decimal Classification | V-6 | JCC Rouf Library | JCC Rouf Library | General Stacks | 05/01/2019 | 610.00 | 891.443 ROY 2010 | 14947 | 07/08/2019 | C-1 | Books | ||||
| Dewey Decimal Classification | V-7 | JCC Rouf Library | JCC Rouf Library | General Stacks | 05/01/2019 | 610.00 | 891.443 ROY 2010 | 14948 | 07/08/2019 | C-1 | Books | ||||
| Dewey Decimal Classification | V-8 | JCC Rouf Library | JCC Rouf Library | General Stacks | 05/01/2019 | 610.00 | 891.443 ROY 2010 | 14949 | 07/08/2019 | C-1 | Books | ||||
| Dewey Decimal Classification | V-9 | JCC Rouf Library | JCC Rouf Library | General Stacks | 05/01/2019 | 610.00 | 891.443 ROY 2010 | 14950 | 07/08/2019 | C-1 | Books |